Statistiques concernant Fleuves aléatoire par Ville traversée

Cliquez ici pour prendre le quiz!

Statistiques générales

  • Ce quiz a été pris 101 fois
  • Le résultat moyen est 10 sur 20

Statistiques - réponses

VilleFleuve% Correct
FlorenceArno
100%
KinshasaCongo
100%
VienneDanube
100%
BratislavaDanube
100%
BelgradeDanube
100%
KievDniepr
100%
HambourgElbe
100%
JinanFleuve Jaune
100%
BordeauxGaronne
100%
ToulouseGaronne
100%
New YorkHudson
100%
HyderabadIndus
100%
IakoutskLéna
100%
OrléansLoire
100%
NantesLoire
100%
Phnom PehnMékong
100%
MemphisMississippi
100%
Saint-LouisMississippi
100%
BamakoNiger
100%
Le CaireNil
100%
CologneRhin
100%
StrasbourgRhin
100%
LyonRhône
100%
MontréalSaint-Laurent
100%
ParisSeine
100%
LondresTamise
100%
RomeTibre
100%
VolgogradVolga
100%
KazanVolga
100%
NankinYangzi Jiang
100%
BudapestDanube
86%
VerdunMeuse
86%
VarsovieVistule
83%
BrazzavilleCongo
80%
Bâton RougeMississippi
80%
Turin
80%
La Nouvelle-OrléansMississippi
75%
Kansas CityMissouri/Kansas
75%
NovossibirskOb
75%
GenèveRhône
75%
AlbuquerqeRio Grande
75%
ShanghaiYangzi Jiang
75%
OmskIrtych
67%
VentianeMékong
67%
NiameyNiger
67%
TombouctouNiger
67%
CincinnatiOhio
67%
El PasoRio Grande
67%
Santa FeRio Grande
67%
LisbonneTage
60%
MossoulTigre
60%
Nijni NovgorodVolga
60%
ManausAmazone/Rio Negro
50%
TulsaArkansas
50%
AustinColorado (Texas)
50%
SaragosseEbre
50%
LanzhouFleuve Jaune
50%
SévilleGuadalquivir
50%
SéoulHan
50%
KrasnoïarskIenisseï
50%
MadridManzanares
50%
KhartoumNil
50%
OuralOural
50%
AssuncionParaguay
50%
LivingstoneZambèze
50%
LouisvilleOhio
40%
Ciudad JuarezRio Grande
40%
GuangzhouRivière des Perles
40%
KhabarovskAmour
33%
Las VegasColorado
33%
DresdeElbe
33%
LiègeMeuse
33%
BanguiOubangui
33%
RosarioParanà
33%
BagdadTigre
33%
NottinghamTrent
33%
MoscouMoskova
29%
BanjulGambie
25%
PragueVltava
25%
BangkokChao Phraya
20%
AnversEscaut
20%
Fort ProvidenceMackenzie
14%
GuwahatiBrahmapoutre
0%
VancouverColumbia
0%
PortlandColumbia
0%
ValenciennesEscaut
0%
HanoïFleuve Rouge
0%
KanpurGange
0%
WuhanHan
0%
AstanaIchim
0%
TbilissiKoura
0%
DublinLiffey
0%
RotterdamRhin
0%
CharleroiSambre
0%
BruxellesSennes
0%
SaltoUruguay
0%

Distribution des résultats

Percentile par nombre de réponses

% des personnes avec chaque résultat

Votre développement - résultats

Vous n’avez pas pris ce quiz